LIBRARY ONLINE CATALOGUE

World history : (Record no. 11989)

MARC details
000 -LEADER
fixed length control field 00649nam a22002052 4500
001 - CONTROL NUMBER
control field 0000007304
005 - DATE AND TIME OF LATEST TRANSACTION
control field 20151217155214.0
008 - FIXED-LENGTH DATA ELEMENTS--GENERAL INFORMATION
fixed length control field 080107s xx 000 0 eng d
020 ## - INTERNATIONAL STANDARD BOOK NUMBER
International Standard Book Number 0138032718 :
Terms of availability KES
040 ## - CATALOGING SOURCE
Original cataloging agency KABU
Transcribing agency KABU
100 1# - MAIN ENTRY--PERSONAL NAME
Personal name Ellis, Elizabeth Gaynor.
-- 0000158539
245 10 - TITLE STATEMENT
Title World history :
Remainder of title connections to today /
Statement of responsibility, etc. Elizabeth Gaynor Ellis, Anthony Esler.
260 ## - PUBLICATION, DISTRIBUTION, ETC. (IMPRINT)
Place of publication, distribution, etc. Upper Saddle River, NJ :
Name of publisher, distributor, etc. Prentice-Hall,
Date of publication, distribution, etc. 1997.
300 ## - PHYSICAL DESCRIPTION
Extent xxxiii, 1038 p.
650 #0 - SUBJECT ADDED ENTRY--TOPICAL TERM
Topical term or geographic name as entry element World history.
-- 0000152969
700 1# - ADDED ENTRY--PERSONAL NAME
Personal name Esler, Anthony.
-- 0000080838
908 ## - PUT COMMAND PARAMETER (RLIN)
Put command parameter 080107
950 ## - LOCAL HOLDINGS (RLIN)
-- 1
Holdings
Withdrawn status Lost status Source of classification or shelving scheme Not for loan Home library Current library Date acquired Total Checkouts Full call number Barcode Date last seen Date last checked out Price effective from Koha item type
    Library of Congress Classification   Kabarak, Main Campus Kabarak, Main Campus 17/12/2015 6 D21 .E45 011600 05/11/2025 21/10/2025 17/12/2015 General Collection